• 首页
  • 本馆介绍
  • 公告通知
  • 最新文献
  • 馆藏检索
  • 电子资源
  • 读者导购
  • 参考咨询
  • 我的图书馆
  • 登录
  • 详细信息显示
  • 放入我的书架
  • 预约/预借图书
  • 作者相关作品
  • 分类相关作品
  • 丛书相关作品
  • 出版社相关作品

书目信息

  • 表格格式
  • 工作单格式
  • 卡片格式
题名:
西岳华山庙碑
    
 
作者: ;北京市中国书店 编
分册:  
出版信息: 北京   中国书店  1986
页数: 1册
开本: 26cm
丛书名:
单 册:
中图分类: J292.22 , J292.2
科图分类:
主题词: 隶书-碑帖--中国--东汉时代 , 碑帖-隶书--中国--东汉时代 , 书法--中国 , 篆刻--中国
电子资源:
ISBN:
000 00756nam0 2200277 45
001 0186011857
005 20040520164114.5
010    @dCNY3.00
100    @a19900813d1986 em y0chiy0121 ea
101 0  @achi
102    @aCN@b110000
105    @ah z 000yy
106    @ar
200 10 @a西岳华山庙碑@Axi yue hua shan miao bei@f北京市中国书店编
210    @a北京@c中国书店@d1986
215    @a1册@d26cm
606    @a隶书-碑帖@y中国@z东汉时代
606    @a碑帖-隶书@y中国@z东汉时代
606 0  @a书法@x中国
606 0  @a篆刻@x中国
690    @aJ292.22@v3
690    @aJ292.2
711 02 @a北京市中国书店@Abei jing shi zhong guo shu dian@4编
801  0 @aCN@b深圳图书馆@c20040520
801  2 @aCN@bNLC@c20040520
905    @f1@b251515@dJ292.2@e259
    
    西岳华山庙碑/北京市中国书店编.-北京:中国书店,1986
    1册;26cm
    
    
    ISBN :CNY3.00
    
●
相关链接 在E读中查询图书 在五车中查询图书 在当当中查询图书 在豆瓣中查询图书


正题名:西岳华山庙碑     索取号:J292.2/259         预约/预借

序号 登录号 条形码 馆藏地/架位号 状态 备注
1 0251515   001211824   第一借阅区/ [索取号:J292.2/259] 在馆    
2 0251516   001211842   第一样本阅览室/ [索取号:J292.2/259] 在馆    
唐山师范学院图书馆 欢迎您!
大连网信软件有限公司© 版权所有